Growing older without feeling old : (Record no. 100069)

MARC details
000 -LEADER
fixed length control field 00616nam a22001937a 4500
005 - DATE AND TIME OF LATEST TRANSACTION
control field 20160624165020.0
010 ## - LCCN (DPL NO)
LC control number ENG-115151
020 ## - INTERNATIONAL STANDARD BOOK NUMBER
International Standard Book Number 9789385755859
Terms of availability 399.00
035 ## - SYSTEM CONTROL NUMBER
System control number EN-98683
037 ## - SOURCE OF ACQUISITION
Source of stock number/acquisition DBAD/PUB
082 ## - DEWEY DECIMAL CLASSIFICATION NUMBER
Classification number 305.26
100 ## - MAIN ENTRY--PERSONAL NAME
Personal name Westendorp, Rudi
245 ## - TITLE STATEMENT
Title Growing older without feeling old :
Statement of responsibility, etc by Rudi Westendorp ; translated by David Shaw
Remainder of title on vitality and ageing /
260 ## - PUBLICATION, DISTRIBUTION, ETC. (IMPRINT)
Place of publication, distribution, etc New Delhi
Name of publisher, distributor, etc Speaking Tiger
Date of publication, distribution, etc 2016
270 ## - ADDRESS
Address 4381/4 Ansari Road, Daryaganj,
City New Delhi
Postal code 110002
300 ## - PHYSICAL DESCRIPTION
Extent 303p.
Dimensions 22cm(pbk)
700 ## - ADDED ENTRY--PERSONAL NAME
Personal name Shaw, David
942 ## - ADDED ENTRY ELEMENTS (KOHA)
Source of classification or shelving scheme Dewey Decimal Classification
Item type English Books
Classification part 305.26
Call number suffix WES
Holdings
Withdrawn status Lost status Not for loan Collection code Home library Current library Date acquired Source of acquisition Cost, normal purchase price Full call number Barcode Copy number Cost, replacement price Koha item type
      Non-fiction Ashok Vihar Ashok Vihar 25/05/2016 DBAD/PUB 399.00 305.26 WES EN-98683 1 399.00 English Books

© Delhi Public Library
Hit Counter
free hit counter